• 首页
  • 本馆介绍
  • 公告通知
  • 最新文献
  • 馆藏检索
  • 电子资源
  • 读者导购
  • 参考咨询
  • 我的图书馆
  • 登录
  • 详细信息显示
  • 放入我的书架
  • 预约/预借图书
  • 作者相关作品
  • 分类相关作品
  • 丛书相关作品
  • 出版社相关作品

书目信息

  • 表格格式
  • 工作单格式
  • 卡片格式
题名:
机智大时代
    
 
作者: 吕啸天 著
分册:  
出版信息: 广州   广东人民出版社  2020
页数: 256页
开本: 24cm
丛书名: “创新在广东”系列
单 册:
中图分类: TP242.6
科图分类:
主题词: 智能机器人--zhi neng ji qi ren--研究
电子资源:
ISBN: 978-7-218-13859-6
000 01318nam 2200277 450
001 2337507653
005 20231120220302.44
010    @a978-7-218-13859-6@dCNY68.00
100    @a20200225d2020 em y0chiy50 ea
101 0  @achi
102    @aCN@b440000
105    @aak z 000yy
200 1  @a机智大时代@Aji zhi da shi dai@e在智能机器人的老巢@d= Age of wit@ein the lair of intelligent robots@f吕啸天著@zeng
210    @a广州@c广东人民出版社@d2020
215    @a256页@c图@d24cm
225 2  @a“创新在广东”系列@A“ chuang xin zai guang dong ”xi lie
314    @a吕啸天, 文学创作二级, 广东省小小说学会副会长, 广东省青年产业工人作家协会副主席, 佛山市作协青年产业工人作家系诶会主席, 佛山市小小说学会会长。
330    @a本书致力于展现“最强大脑” —— 智能机器人的研发制造和应用, 以生动形象的文学笔触展示智能机器人的现状和未来, 着力塑造机器人背后的人的智慧形象。全书以描述智能机器人的研发制造及应用为重点, 介绍广东在智能机器人在全国和全球科研领域的领先成果。
410  0 @12001 @a“创新在广东”系列
510 1  @aAge of wit@ein the lair of intelligent robots@zeng
517 1  @a在智能机器人的老巢@Azai zhi neng ji qi ren de lao chao
606 0  @a智能机器人@Azhi neng ji qi ren@x研究
690    @aTP242.6@v5
701  0 @a吕啸天@Alu^ xiao tian@4著
801  0 @aCN@b山东中教@c20230926
905    @aBZT@dTP242.6@e14
    
    机智大时代:在智能机器人的老巢= Age of wit:in the lair of intelligent robots/吕啸天著.-广州:广东人民出版社,2020
    256页:图;24cm.-(“创新在广东”系列)
    
    
    ISBN 978-7-218-13859-6:CNY68.00
    本书致力于展现“最强大脑” —— 智能机器人的研发制造和应用, 以生动形象的文学笔触展示智能机器人的现状和未来, 着力塑造机器人背后的人的智慧形象。全书以描述智能机器人的研发制造及应用为重点, 介绍广东在智能机器人在全国和全球科研领域的领先成果。
●
相关链接 在五车中查询图书 在当当中查询图书 在豆瓣中查询图书


正题名:机智大时代     索取号:TP242.6/14         预约/预借

序号 登录号 条形码 馆藏地/架位号 状态 备注
1 2000962025   2000962025   第四书库/四28架B面5层5列/ [索取号:TP242.6/14] 在馆    
2 2000962026   2000962026   第四书库/四28架B面5层5列/ [索取号:TP242.6/14] 在馆    
3 2000962027   2000962027   第四书库/四28架B面5层5列/ [索取号:TP242.6/14] 在馆    
4 2000962028   2000962028   第四书库/四28架B面5层5列/ [索取号:TP242.6/14] 在馆    
5 2000962029   2000962029   第四书库/四28架B面5层5列/ [索取号:TP242.6/14] 在馆    
6 2000962030   2000962030   第四书库/四28架B面5层5列/ [索取号:TP242.6/14] 在馆    
山东省滨州职业学院图书馆 欢迎您!
大连网信软件有限公司© 版权所有